| 000 | 01564nam a2200349 a 4500 | ||
|---|---|---|---|
| 001 | ebr10388526 | ||
| 003 | CaPaEBR | ||
| 006 | m u | ||
| 007 | cr cn||||||||| | ||
| 008 | 071012s2008 paua sb 001 0 eng | ||
| 010 | _z 2007042243 | ||
| 015 |
_aGBA818458 _2bnb |
||
| 016 | 7 |
_z014520150 _2Uk |
|
| 020 | _z9780827608689 (alk. paper) | ||
| 020 | _z0827608683 (alk. paper) | ||
| 040 |
_aCaPaEBR _cCaPaEBR |
||
| 035 | _a(OCoLC)647931954 | ||
| 050 | 1 | 4 |
_aBS1225.53 _b.D53 2008eb |
| 082 | 0 | 4 |
_a222/.10071 _222 |
| 100 | 1 | _aDiamond, James S. | |
| 245 | 1 | 0 |
_aStringing the pearls _h[electronic resource] : _bhow to read the weekly Torah portion / _cJames S. Diamond. |
| 250 | _a1st ed. | ||
| 260 |
_aPhiladelphia : _bJewish Publication Society, _c2008. |
||
| 300 |
_axxii, 234 p. : _bill. |
||
| 504 | _aIncludes bibliographical references (p. 227-230) and index. | ||
| 505 | 0 | _apt. I. Preliminaries : what are we talking about? -- pt. II. Reading and hearing -- pt III. Some major approaches to reading a parashah -- pt. IV. How to read a weekly Torah portion -- pt. V. Commentaries : a concise guide. | |
| 533 |
_aElectronic reproduction. _bPalo Alto, Calif. : _cebrary, _d2013. _nAvailable via World Wide Web. _nAccess may be limited to ebrary affiliated libraries. |
||
| 630 | 0 | 0 |
_aBible. _pO.T. _pPentateuch _xCriticism, interpretation, etc. |
| 655 | 7 |
_aElectronic books. _2local |
|
| 710 | 2 | _aebrary, Inc. | |
| 856 | 4 | 0 |
_uhttp://site.ebrary.com/lib/rucke/Doc?id=10388526 _zAn electronic book accessible through the World Wide Web; click to view |
| 999 |
_c91489 _d91489 |
||